[Event "POL-ch U17 Qual"]
[Site "Jastrzebia Gora"]
[Date "2021.11.20"]
[Round "8"]
[White "Celebias, Filip"]
[Black "Pieczulis, Blazej"]
[Result "0-1"]
[WhiteElo "1534"]
[BlackElo "1726"]
[PlyCount "46"]
[EventDate "2021.11.15"]
[EventType "swiss"]
[EventRounds "9"]
[EventCountry "POL"]
[SourceTitle "EXT 2023"]
[Source "ChessBase"]
[SourceDate "2022.10.05"]
[SourceVersion "1"]
[SourceVersionDate "2022.10.05"]
[SourceQuality "1"]

1. e4 e5 2. Nf3 Nc6 3. Bb5 f5 4. d4 fxe4 5. Nxe5 Nxe5 6. dxe5 c6 7. Bc4 Qa5+ 8. Nc3 Qxe5 9. 0-0 d5 10. Re1 Nf6 11. Bb3 Bc5 12. h3 0-0 13. Be3 Bd6 14. g3 Qf5 15. Qe2 Qxh3 16. Qf1 Qh5 17. Qg2 Kh8 18. Ne2 Bg4 19. Nf4 Bxf4 20. Bxf4 Bf3 21. Qh2 Qxh2+ 22. Kxh2 Ng4+ 23. Kg1 Rf5 0-1

[Event "POL-ch U17 Qual"]
[Site "Jastrzebia Gora"]
[Date "2021.11.18"]
[Round "6"]
[White "Celebias, Filip"]
[Black "Borkowski, Szymon"]
[Result "0-1"]
[WhiteElo "1534"]
[BlackElo "1696"]
[PlyCount "70"]
[EventDate "2021.11.15"]
[EventType "swiss"]
[EventRounds "9"]
[EventCountry "POL"]
[SourceTitle "EXT 2023"]
[Source "ChessBase"]
[SourceDate "2022.10.05"]
[SourceVersion "1"]
[SourceVersionDate "2022.10.05"]
[SourceQuality "1"]

1. d4 Nf6 2. c4 g6 3. Nc3 Bg7 4. e4 d6 5. h3 0-0 6. Be3 e5 7. d5 c6 8. g4 Na6 9. Nge2 Qa5 10. Ng3 cxd5 11. exd5 Nc5 12. Qd2 Nb3 13. axb3 Qxa1+ 14. Ke2 Qa5 15. g5 Ne8 16. h4 f5 17. gxf6 Nxf6 18. f3 h5 19. Rg1 Kh7 20. Qc2 Bh6 21. Bxh6 Kxh6 22. Qc1+ Kh7 23. Qg5 Qc7 24. Nge4 Qg7 25. Nxd6 e4 26. fxe4 Ng4 27. Nd1 Ne5 28. Nxc8 Nf3 29. Qg3 Nxg1+ 30. Qxg1 Raxc8 31. Qxa7 Qe7 32. Nc3 Qxh4 33. Qxb7+ Kh6 34. Qb6 Qh2+ 35. Kd3 Rf3+ 0-1

[Event "POL-ch U17 Qual"]
[Site "Jastrzebia Gora"]
[Date "2021.11.16"]
[Round "3"]
[White "Haliniak, Wojciech"]
[Black "Celebias, Filip"]
[Result "0-1"]
[WhiteElo "1827"]
[BlackElo "1534"]
[PlyCount "54"]
[EventDate "2021.11.15"]
[EventType "swiss"]
[EventRounds "9"]
[EventCountry "POL"]
[SourceTitle "EXT 2023"]
[Source "ChessBase"]
[SourceDate "2022.10.05"]
[SourceVersion "1"]
[SourceVersionDate "2022.10.05"]
[SourceQuality "1"]

1. e4 c5 2. Nf3 e6 3. d4 cxd4 4. Nxd4 Nc6 5. c4 Nf6 6. Nc3 Bb4 7. Nxc6 dxc6 8. Bd3 e5 9. Qc2 0-0 10. 0-0 Be6 11. h3 Bc5 12. Rb1 a5 13. a3 Qe7 14. Bg5 h6 15. Bh4 g5 16. Bg3 Nd7 17. Nd1 Rfd8 18. Be2 f6 19. Bg4 Bxg4 20. hxg4 Qe6 21. b4 axb4 22. axb4 Bd4 23. Qe2 Nb6 24. c5 Ra2 25. Qf3 Nc4 26. Qb3 Ra3 27. Qc2 Rxg3 0-1

[Event "Ustron op-C"]
[Site "Ustron"]
[Date "2020.08.15"]
[Round "3"]
[White "Celebias, Filip"]
[Black "Maryniak, Michal"]
[Result "1-0"]
[WhiteElo "1627"]
[BlackElo "1501"]
[PlyCount "45"]
[EventDate "2020.08.15"]
[EventType "swiss"]
[EventRounds "9"]
[EventCountry "POL"]
[SourceTitle "EXT 2021"]
[Source "ChessBase"]
[SourceDate "2020.10.23"]
[SourceVersion "1"]
[SourceVersionDate "2020.10.23"]
[SourceQuality "1"]

1. e4 e6 2. d4 d5 3. Nd2 dxe4 4. Nxe4 Nd7 5. Nf3 Ngf6 6. Bd3 Nxe4 7. Bxe4 Nf6 8. Bd3 c5 9. 0-0 cxd4 10. Nxd4 Be7 11. b3 0-0 12. Bb2 Bd7 13. Re1 a6 14. Qf3 Qc7 15. Nf5 Bc6 16. Nxe7+ Qxe7 17. Qh3 g6 18. Re3 Rae8 19. Be5 Nh5 20. Qxh5 f6 21. Bxg6 hxg6 22. Rg3 Qh7 23. Rxg6+ 1-0

[Event "POL-ch U16"]
[Site "Szklarska Poreba"]
[Date "2020.03.13"]
[Round "7"]
[White "Wasik, Mateusz"]
[Black "Celebias, Filip"]
[Result "1-0"]
[WhiteElo "1724"]
[BlackElo "1558"]
[PlyCount "61"]
[EventDate "2020.03.07"]
[EventType "swiss"]
[EventRounds "8"]
[EventCountry "POL"]
[SourceTitle "CBM 195 Extra"]
[Source "ChessBase"]
[SourceDate "2020.05.31"]
[SourceVersion "1"]
[SourceVersionDate "2020.05.31"]
[SourceQuality "1"]

1. e4 c5 2. Nf3 e6 3. d4 cxd4 4. Nxd4 a6 5. Be2 Nf6 6. Nc3 Qc7 7. 0-0 Bc5 8. Be3 d6 9. Qd3 Nbd7 10. f4 b5 11. Bf3 Rb8 12. Kh1 0-0 13. a3 b4 14. axb4 Bxb4 15. Nb3 Bc5 16. Bc1 Rd8 17. Rd1 Bb4 18. Na4 Nb6 19. Nxb6 Qxb6 20. e5 Nd7 21. Nd4 Nxe5 22. fxe5 dxe5 23. c3 Bf8 24. Bg5 f6 25. Be4 h6 26. Bxf6 gxf6 27. Qg3+ Bg7 28. Nc6 Bb7 29. Nxd8 Bxe4 30. Rd7 Bxg2+ 31. Qxg2 1-0

[Event "POL-ch U16"]
[Site "Szklarska Poreba"]
[Date "2020.03.10"]
[Round "4"]
[White "Celebias, Filip"]
[Black "Budzisz, Adrian"]
[Result "1-0"]
[WhiteElo "1558"]
[BlackElo "1812"]
[PlyCount "63"]
[EventDate "2020.03.07"]
[EventType "swiss"]
[EventRounds "8"]
[EventCountry "POL"]
[SourceTitle "CBM 195 Extra"]
[Source "ChessBase"]
[SourceDate "2020.05.31"]
[SourceVersion "1"]
[SourceVersionDate "2020.05.31"]
[SourceQuality "1"]

1. e4 c5 2. Nf3 e6 3. d4 cxd4 4. Nxd4 a6 5. Bd3 Nf6 6. 0-0 d6 7. c4 Nc6 8. Nxc6 bxc6 9. Nc3 Be7 10. Be3 0-0 11. Rc1 Nd7 12. Bb1 Bb7 13. Qc2 g6 14. Rfd1 Qc7 15. c5 d5 16. Na4 Rad8 17. exd5 exd5 18. Nb6 Ne5 19. Bd4 f6 20. Qc3 Rde8 21. Qg3 Kg7 22. h4 Bd8 23. h5 g5 24. Re1 Rh8 25. f4 Nf7 26. h6+ Kf8 27. Rxe8+ Kxe8 28. Re1+ Kf8 29. Qe3 Qe7 30. Bxf6 Qxe3+ 31. Rxe3 Bxb6 32. Bg7+ 1-0

[Event "Rubinstein Memorial-C 55th"]
[Site "Polanica Zdroj"]
[Date "2019.08.23"]
[Round "7"]
[White "Celebias, Filip"]
[Black "Mytnik, Kinga"]
[Result "1/2-1/2"]
[WhiteElo "1336"]
[BlackElo "1620"]
[PlyCount "77"]
[EventDate "2019.08.17"]
[EventType "swiss"]
[EventRounds "9"]
[EventCountry "POL"]
[SourceTitle "EXT 2020"]
[Source "ChessBase"]
[SourceDate "2019.10.17"]
[SourceVersion "1"]
[SourceVersionDate "2019.10.17"]
[SourceQuality "1"]

1. e4 d6 2. d4 Nf6 3. Nc3 Nbd7 4. g4 h6 5. g5 hxg5 6. Bxg5 c6 7. f4 Qb6 8. Qd2 e5 9. Nf3 exd4 10. Nxd4 Nc5 11. Bg2 Bg4 12. h3 Bh5 13. e5 dxe5 14. fxe5 Nfd7 15. Qe3 Ne6 16. Nxe6 Qxe3+ 17. Bxe3 fxe6 18. Bf4 Bb4 19. 0-0 Bc5+ 20. Kh2 Bd4 21. Rae1 0-0-0 22. Ne4 Bxb2 23. Nd6+ Kc7 24. Rb1 Bxe5 25. Nxb7 Bxf4+ 26. Rxf4 Rb8 27. Rc4 Ne5 28. Rcb4 Nf3+ 29. Kg3 Ng5 30. Kf4 Nf7 31. Na5 Rxb4+ 32. Rxb4 Nd8 33. Rc4 Rf8+ 34. Ke3 Be8 35. Rg4 Rf7 36. Nc4 Re7 37. h4 Bh5 38. Rg5 g6 39. Ra5 1/2-1/2